| 000 | 00952nam0a22002411 4500 | ||
|---|---|---|---|
| 001 | rc\87399 | ||
| 005 | 20021216131743.6 | ||
| 035 | _a(NLR Aleph) 005397145 | ||
| 090 |
_a7238470 _c7238470 |
||
| 100 | _a20021216d1995 u |0rusy50 ca | ||
| 101 | 0 | _arus | |
| 102 | _aRU | ||
| 105 | _aa ||||||||| | ||
| 200 | 1 |
_aЗдоровый образ жизни _eУчеб. пособие для сред. шк., гимназий и колледжей _fУпр. нар. образования г. Армавира, Предгорн. террит. ком. охраны окружающей среды и природ. ресурсов |
|
| 210 |
_aКраснодар _cРекл.-изд. фирма "Эдви" _d1995 |
||
| 215 |
_a153, [1] с. _cил. _d21 |
||
| 320 | _aБиблиогр.: с. 152 (16 назв.) | ||
| 700 | 1 |
_aПоляков _bВ. А. |
|
| 801 | 0 |
_aRU _bNLR _gpsbo |
|
| 801 | 1 |
_aRU _bELAR _2rusmarc |
|
| 852 |
_aNLR _j95-3/9033 |
||
| 942 | _cBOOK | ||
| 980 | _aNB | ||